Garage conversions (Record no. 106781)
[ view plain ]
| 000 -LEADER | |
|---|---|
| fixed length control field | 01159cam a22002535a 4500 |
| 001 - CONTROL NUMBER | |
| control field | L137437 |
| 008 - FIXED-LENGTH DATA ELEMENTS--GENERAL INFORMATION | |
| fixed length control field | 070405s2006 xxk f 000 0 eng d |
| 020 ## - INTERNATIONAL STANDARD BOOK NUMBER | |
| International Standard Book Number | 1861268742 |
| -- | 9781861268747 |
| 035 ## - SYSTEM CONTROL NUMBER | |
| System control number | (Sirsi) u137437 |
| 041 0# - LANGUAGE CODE | |
| Language code of text/sound track or separate title | eng |
| 050 04 - LIBRARY OF CONGRESS CALL NUMBER | |
| Classification number | 690.231 $2 18 |
| 100 1# - MAIN ENTRY--PERSONAL NAME | |
| Personal name | Williamson, Laurie |
| 245 00 - TITLE STATEMENT | |
| Title | Garage conversions |
| Remainder of title | planning, managing and completing your conversion |
| 260 ## - PUBLICATION, DISTRIBUTION, ETC. | |
| Place of publication, distribution, etc. | Ramsbury |
| Name of publisher, distributor, etc. | Crowood |
| Date of publication, distribution, etc. | 2006 |
| 300 ## - PHYSICAL DESCRIPTION | |
| Extent | 160p. |
| Other physical details | illus. |
| Dimensions | 25cm. |
| 350 ## - PRICE (NR) (BK AM CF MU VM SE) [OBSOLETE] | |
| Price | 16.99 |
| 505 2# - FORMATTED CONTENTS NOTE | |
| Formatted contents note | Making plans -- Internal preparations -- External preparations -- Getting started -- Groundworks -- Walls and lintels -- Doors and window frames -- Flooring -- Timber flooring -- Roofing -- First fix -- Finishing off |
| 520 ## - SUMMARY, ETC. | |
| Summary, etc. | Discusses good practice in conversion projects, and provides a step by step guide to the process. Discusses how to decide whether a particular space is suitable for conversion, spatial design, building regulations, and the requisite materials and skills. |
| 590 ## - LOCAL NOTE (RLIN) | |
| Local note | KA |
| 651 #4 - SUBJECT ADDED ENTRY--GEOGRAPHIC NAME | |
| Geographic name | United Kingdom |
| Chronological subdivision | |
| 690 ## - LOCAL SUBJECT ADDED ENTRY--TOPICAL TERM (OCLC, RLIN) | |
| Topical term or geographic name as entry element | BUILT ENVIRONMENT-BUILDING MAINTENANCE AND REFURBISHMENT-BUILDING ADAPTATION |
| 942 ## - ADDED ENTRY ELEMENTS (KOHA) | |
| Suppress in OPAC | 0 |
| Withdrawn status | Lost status | Source of classification or shelving scheme | Damaged status | Not for loan | Home library | Current library | Shelving location | Date acquired | Total Checkouts | Full call number | Barcode | Date last seen | Date last checked out | Copy number | Price effective from | Koha item type |
|---|---|---|---|---|---|---|---|---|---|---|---|---|---|---|---|---|
| Dewey Decimal Classification | London | London | Books | 25/04/2007 | 1 | 690.231 WIL | 30072322 | 06/08/2019 | 14/08/2008 | 1 | 06/08/2019 | Book |